Time and eternity

Na minha lista:
Detalhes bibliográficos
Autor principal: Hatano, Seiichi
Formato: Livro
Idioma:Undetermined
Publicado em: Japanaese Government Printing Bureau 1963
Assuntos:
Tags: Adicionar Tag
Sem tags, seja o primeiro a adicionar uma tag!
Thư viện lưu trữ: Trung tâm Học liệu Trường Đại học Cần Thơ
LEADER 00465nam a2200181Ia 4500
001 CTU_115288
008 210402s9999 xx 000 0 und d
082 |a 115 
082 |b H364 
100 |a Hatano, Seiichi 
245 0 |a Time and eternity 
245 0 |c Seiichi Hatano 
260 |a Japanaese Government 
260 |b Printing Bureau 
260 |c 1963 
650 |a Time,Eternity 
904 |i Giang 
980 |a Trung tâm Học liệu Trường Đại học Cần Thơ